| 000 | 00713nam a2200241 a 4500 | ||
|---|---|---|---|
| 008 | |||
| 020 | _a0521477395 (hbk.) | ||
| 049 | _aMAIN | ||
| 090 | _aQA925 | ||
| 100 | 1 | _aSaffman, P. G. | |
| 245 | 1 | 0 |
_aVortex dynamics / _cP.G. Saffman. |
| 260 |
_aCambridge : _bCambridge University Press, _c1995. |
||
| 300 |
_axi, 311 p. : _bill. ; _c23 cm. |
||
| 440 | 0 | _aCambridge monographs on mechanics and applied mathematics | |
| 500 | _aIncludes index. | ||
| 504 | _aIncludes bibliographical references. | ||
| 650 | 0 | _aVortex-motion. | |
| 907 |
_a.b10047918 _b12-09-05 _c17-04-03 |
||
| 003 | |||
| 005 | 20230123134004.0 | ||
| 040 | _cNUST | ||
| 942 |
_cBOOKS _kQA925 |
||
| 999 |
_c158093 _d158093 |
||